[Event "St Petersburg White Nights op"]
[Site "St Petersburg"]
[Date "2004.??.??"]
[Round "2"]
[White "Polovodin, Igor A"]
[Black "Bedny, Yuri"]
[Result "1-0"]
[WhiteElo "2440"]
[BlackElo "2298"]
[PlyCount "61"]
[EventDate "2004.06.??"]
[EventType "swiss"]
[EventRounds "9"]
[EventCountry "RUS"]
[SourceTitle "CBM 100 Extra"]
[Source "ChessBase"]
[SourceDate "2004.07.06"]
[SourceVersion "2"]
[SourceVersionDate "2004.07.06"]
[SourceQuality "1"]

1. d4 d5 2. c4 e6 3. Nf3 c6 4. Qc2 Nf6 5. g3 Nbd7 6. Nbd2 b6 7. Bg2 Bb7 8. 0-0 c5 9. b3 Rc8 10. Bb2 Bd6 11. Rfd1 0-0 12. Rac1 b5 13. Qb1 Qb6 14. e3 a6 15. Ne5 Rfd8 16. Nxd7 Rxd7 17. dxc5 Bxc5 18. Bxf6 gxf6 19. cxd5 exd5 20. Bh3 Bxe3 21. Bxd7 Rxc1 22. Qxc1 Bxf2+ 23. Kf1 Bg1 24. Ne4 dxe4 25. Qf4 Be3 26. Qg4+ Kf8 27. Bf5 Bg1 28. Qe2 b4 29. Kg2 Qe3 30. Rd8+ Kg7 31. Qg4+ 1-0

[Event "St Petersburg White Nights op"]
[Site "St Petersburg"]
[Date "2004.??.??"]
[Round "5"]
[White "Polovodin, Igor A"]
[Black "Matjushin, Gennady"]
[Result "1/2-1/2"]
[WhiteElo "2440"]
[BlackElo "2408"]
[PlyCount "23"]
[EventDate "2004.06.??"]
[EventType "swiss"]
[EventRounds "9"]
[EventCountry "RUS"]
[SourceTitle "CBM 100 Extra"]
[Source "ChessBase"]
[SourceDate "2004.07.06"]
[SourceVersion "2"]
[SourceVersionDate "2004.07.06"]
[SourceQuality "1"]

1. d4 Nf6 2. Nf3 d6 3. Bg5 Nbd7 4. Nbd2 h6 5. Bh4 g5 6. Bg3 Nh5 7. e4 Bg7 8. c3 e6 9. Bd3 Qe7 10. Qe2 a6 11. 0-0-0 b6 12. Kb1 1/2-1/2

[Event "Chigorin Memorial-A 10th"]
[Site "St Petersburg"]
[Date "2002.10.31"]
[Round "6"]
[White "Ovod, Evgenija"]
[Black "Polovodin, Igor A"]
[Result "1/2-1/2"]
[WhiteElo "2378"]
[BlackElo "2453"]
[PlyCount "33"]
[EventDate "2002.10.25"]
[EventType "swiss"]
[EventRounds "9"]
[EventCountry "RUS"]
[SourceTitle "EXT 2003"]
[Source "ChessBase"]
[SourceDate "2002.11.25"]
[SourceVersion "1"]
[SourceVersionDate "2002.11.25"]
[SourceQuality "1"]

1. d4 Nf6 2. c4 g6 3. Nc3 d5 4. cxd5 Nxd5 5. e4 Nxc3 6. bxc3 Bg7 7. Be2 c5 8. Nf3 0-0 9. 0-0 Bg4 10. Rb1 cxd4 11. cxd4 Bxf3 12. Bxf3 Bxd4 13. Rxb7 Na6 14. Ba3 Nc5 15. Bxc5 Bxc5 16. g3 Rb8 17. Rxb8 1/2-1/2

[Event "Chigorin Memorial-A 10th"]
[Site "St Petersburg"]
[Date "2002.10.29"]
[Round "5"]
[White "Polovodin, Igor A"]
[Black "Lysyj, Igor"]
[Result "0-1"]
[WhiteElo "2453"]
[BlackElo "2417"]
[PlyCount "80"]
[EventDate "2002.10.25"]
[EventType "swiss"]
[EventRounds "9"]
[EventCountry "RUS"]
[SourceTitle "EXT 2003"]
[Source "ChessBase"]
[SourceDate "2002.11.25"]
[SourceVersion "1"]
[SourceVersionDate "2002.11.25"]
[SourceQuality "1"]

1. d4 e6 2. c4 c5 3. Nf3 Nf6 4. g3 cxd4 5. Nxd4 d5 6. Bg2 e5 7. Nf3 d4 8. 0-0 Nc6 9. e3 Be7 10. exd4 exd4 11. Bf4 Be6 12. Nbd2 0-0 13. Re1 Qb6 14. Qb3 Nd7 15. Qxb6 Nxb6 16. b3 Bb4 17. Rad1 Nd7 18. Ng5 Bf5 19. Be4 Bxe4 20. Ngxe4 Rfe8 21. Bd6 f5 22. Bxb4 fxe4 23. Ba3 Nf6 24. Kg2 a5 25. c5 Rad8 26. Nc4 Re6 27. Bb2 Rd5 28. Nd6 Re7 29. a3 Rd7 30. Nxe4 Nxe4 31. Rxe4 Rxc5 32. Rd2 d3 33. Kf3 Rb5 34. Ke3 Rxb3 35. f4 b5 36. g4 a4 37. f5 Na5 38. f6 gxf6 39. Bxf6 Nc4+ 40. Rxc4 bxc4 0-1

[Event "Chigorin Memorial-A 10th"]
[Site "St Petersburg"]
[Date "2002.10.25"]
[Round "1"]
[White "Polovodin, Igor A"]
[Black "Vysochin, Spartak"]
[Result "1/2-1/2"]
[WhiteElo "2453"]
[BlackElo "2562"]
[PlyCount "21"]
[EventDate "2002.10.25"]
[EventType "swiss"]
[EventRounds "9"]
[EventCountry "RUS"]
[SourceTitle "EXT 2003"]
[Source "ChessBase"]
[SourceDate "2002.11.25"]
[SourceVersion "1"]
[SourceVersionDate "2002.11.25"]
[SourceQuality "1"]

1. d4 d5 2. c4 c6 3. Nf3 Nf6 4. Nc3 a6 5. cxd5 cxd5 6. Bf4 Nc6 7. e3 Bg4 8. Be2 e6 9. 0-0 Bd6 10. Bg3 0-0 11. Rc1 1/2-1/2

[Event "Geller Memorial op"]
[Site "Moscow"]
[Date "2001.??.??"]
[Round "8"]
[White "Iliushkin, Evgeny"]
[Black "Polovodin, Igor A"]
[Result "0-1"]
[WhiteElo "2315"]
[BlackElo "2431"]
[PlyCount "54"]
[EventDate "2001.10.26"]
[EventType "swiss"]
[EventRounds "9"]
[EventCountry "RUS"]
[SourceTitle "EXT 2002"]
[Source "ChessBase"]
[SourceDate "2001.11.25"]
[SourceVersion "1"]
[SourceVersionDate "2001.11.25"]
[SourceQuality "1"]

1. d4 Nf6 2. c4 e6 3. Nc3 d5 4. cxd5 exd5 5. Bg5 c6 6. e3 Bd6 7. Bd3 h6 8. Bh4 0-0 9. Nge2 Re8 10. Qc2 Nbd7 11. h3 a5 12. g4 b5 13. Rg1 Ba6 14. g5 hxg5 15. Bxg5 b4 16. Bxa6 Rxa6 17. Na4 Qe7 18. Rc1 Qe6 19. Nf4 Bxf4 20. Bxf4 Qxh3 21. Qe2 Raa8 22. Rxc6 Rac8 23. Qc2 Rxc6 24. Qxc6 Qf5 25. Ke2 Qxf4 26. Nc5 Qf5 27. Nxd7 Nxd7 0-1

[Event "Chigorin Memorial 08th"]
[Site "St Petersburg"]
[Date "2000.11.09"]
[Round "8"]
[White "Polovodin, Igor A"]
[Black "Sveshnikov, Evgeny"]
[Result "1/2-1/2"]
[WhiteElo "2444"]
[BlackElo "2555"]
[PlyCount "34"]
[EventDate "2000.10.31"]
[EventType "swiss"]
[EventRounds "9"]
[EventCountry "RUS"]
[SourceTitle "EXT 2001"]
[Source "ChessBase"]
[SourceDate "2000.11.22"]
[SourceVersion "1"]
[SourceVersionDate "2000.11.22"]
[SourceQuality "1"]

1. d4 d5 2. c4 e6 3. Nf3 Nf6 4. g3 dxc4 5. Qa4+ Nbd7 6. Bg2 a6 7. Nc3 Rb8 8. Qxc4 b5 9. Qd3 Bb7 10. 0-0 c5 11. Bf4 Rc8 12. dxc5 b4 13. Na4 Qa5 14. b3 Nxc5 15. Nxc5 Bxc5 16. Ne5 Bxg2 17. Kxg2 0-0 1/2-1/2

[Event "St Petersburg White Nights"]
[Site "St Petersburg"]
[Date "2000.07.01"]
[Round "8"]
[White "Alekseev, Evgeny V"]
[Black "Polovodin, Igor A"]
[Result "1-0"]
[WhiteElo "2475"]
[BlackElo "2434"]
[PlyCount "47"]
[EventDate "2000.06.23"]
[EventType "tourn"]
[EventRounds "9"]
[EventCountry "RUS"]
[EventCategory "9"]
[SourceTitle "CBM 076 Extra"]
[Source "ChessBase"]
[SourceDate "2000.07.11"]
[SourceVersion "1"]
[SourceVersionDate "2000.07.11"]
[SourceQuality "1"]

1. e4 c5 2. Nf3 d6 3. d4 Nf6 4. dxc5 Nxe4 5. cxd6 Nxd6 6. Bf4 e6 7. Nc3 Nc6 8. Qd2 f6 9. 0-0-0 e5 10. Nb5 Nxb5 11. Qxd8+ Nxd8 12. Bxb5+ Nc6 13. Bxe5 fxe5 14. Nxe5 a6 15. Bxc6+ bxc6 16. Rhe1 Rg8 17. Nxc6+ Kf7 18. Rd8 g6 19. f4 g5 20. fxg5 Bc5 21. b4 Rxg5 22. bxc5 Rxc5 23. Re7+ Kf6 24. Rc7 1-0

[Event "St Petersburg White Nights"]
[Site "St Petersburg"]
[Date "2000.06.25"]
[Round "3"]
[White "Kochyev, Alexander"]
[Black "Polovodin, Igor A"]
[Result "1/2-1/2"]
[WhiteElo "2429"]
[BlackElo "2434"]
[PlyCount "23"]
[EventDate "2000.06.23"]
[EventType "tourn"]
[EventRounds "9"]
[EventCountry "RUS"]
[EventCategory "9"]
[SourceTitle "CBM 076 Extra"]
[Source "ChessBase"]
[SourceDate "2000.07.11"]
[SourceVersion "1"]
[SourceVersionDate "2000.07.11"]
[SourceQuality "1"]

1. c4 e6 2. d4 d5 3. Nc3 Nf6 4. Bg5 Be7 5. e3 h6 6. Bh4 0-0 7. Nf3 b6 8. Bd3 Bb7 9. 0-0 Nbd7 10. cxd5 exd5 11. Rc1 c5 12. dxc5 1/2-1/2

[Event "St Petersburg White Nights"]
[Site "St Petersburg"]
[Date "2000.06.23"]
[Round "1"]
[White "Kruppa, Yuri"]
[Black "Polovodin, Igor A"]
[Result "1-0"]
[WhiteElo "2561"]
[BlackElo "2434"]
[PlyCount "57"]
[EventDate "2000.06.23"]
[EventType "tourn"]
[EventRounds "9"]
[EventCountry "RUS"]
[EventCategory "9"]
[SourceTitle "CBM 076 Extra"]
[Source "ChessBase"]
[SourceDate "2000.07.11"]
[SourceVersion "1"]
[SourceVersionDate "2000.07.11"]
[SourceQuality "1"]

1. d4 Nf6 2. c4 g6 3. Nc3 d5 4. cxd5 Nxd5 5. e4 Nxc3 6. bxc3 Bg7 7. Nf3 c5 8. h3 Nc6 9. Be3 Qa5 10. Bd2 0-0 11. Be2 cxd4 12. cxd4 Qa3 13. d5 Nb4 14. 0-0 a5 15. Bc1 Qc3 16. Rb1 Nxa2 17. Bb2 Qc7 18. Bxg7 Kxg7 19. Rb3 Kg8 20. Qa1 a4 21. Qxa2 axb3 22. Qxa8 Qc2 23. Bd1 Qxe4 24. Qa3 Qxd5 25. Bxb3 Qb5 26. Re1 e6 27. Ne5 h5 28. Re3 b6 29. Qe7 1-0

[Event "Petrov Memorial op"]
[Site "St Petersburg"]
[Date "2000.02.14"]
[Round "7"]
[White "Polovodin, Igor A"]
[Black "Eliseev, Alexey"]
[Result "1-0"]
[WhiteElo "2434"]
[BlackElo "2325"]
[PlyCount "43"]
[EventDate "2000.02.05"]
[EventType "swiss"]
[EventRounds "9"]
[EventCountry "RUS"]
[SourceTitle "CBM 076"]
[Source "ChessBase"]
[SourceDate "2000.05.31"]
[SourceVersion "1"]
[SourceVersionDate "2000.05.31"]
[SourceQuality "1"]

1. d4 d5 2. c4 dxc4 3. e4 Nc6 4. Be3 Nf6 5. Nc3 e5 6. d5 Na5 7. Qa4+ c6 8. dxc6 Nxc6 9. Nf3 Ng4 10. Bxc4 Bb4 11. Rd1 Bd7 12. 0-0 Bxc3 13. bxc3 Nxe3 14. fxe3 Qe7 15. Ng5 f6 16. Nf7 a5 17. Qb3 a4 18. Qxb7 Ra7 19. Qb6 Kf8 20. Nxh8 Be8 21. Bd5 Rc7 22. Nf7 1-0

[Event "Petrov Memorial op"]
[Site "St Petersburg"]
[Date "2000.02.08"]
[Round "2"]
[White "Fominyh, Alexander"]
[Black "Polovodin, Igor A"]
[Result "1-0"]
[WhiteElo "2551"]
[BlackElo "2434"]
[PlyCount "93"]
[EventDate "2000.02.05"]
[EventType "swiss"]
[EventRounds "9"]
[EventCountry "RUS"]
[SourceTitle "CBM 076"]
[Source "ChessBase"]
[SourceDate "2000.05.31"]
[SourceVersion "1"]
[SourceVersionDate "2000.05.31"]
[SourceQuality "1"]

1. d4 Nf6 2. Nf3 e6 3. c4 b6 4. g3 Bb7 5. Bg2 Be7 6. 0-0 0-0 7. Re1 d5 8. cxd5 exd5 9. Nc3 c5 10. Bg5 Nbd7 11. dxc5 Nxc5 12. Be3 Nfe4 13. Rc1 Bf6 14. Bd4 Qe7 15. Bxf6 Nxf6 16. Nd4 Rfd8 17. e3 g6 18. a3 a6 19. Re2 Nfe4 20. b4 Nxc3 21. Rxc3 Ne4 22. Rc1 Rac8 23. Rec2 Qd7 24. Bf3 Rxc2 25. Rxc2 Rc8 26. Bg4 f5 27. Bf3 Kf7 28. h4 Rxc2 29. Qxc2 Qc8 30. Bxe4 dxe4 31. Qb3+ Ke7 32. a4 Qd7 33. Qg8 Kd6 34. h5 Bd5 35. Qb8+ Qc7 36. Qh8 Qe7 37. hxg6 hxg6 38. Qc8 Qc7 39. Qxa6 Ke7 40. Kg2 Bc4 41. Qa8 Bd3 42. Qg8 Qc1 43. Qe6+ Kd8 44. Qxb6+ Kd7 45. Qe6+ Kc7 46. Qe5+ Kd7 47. Qd5+ 1-0

[Event "Chigorin Memorial 07th"]
[Site "St Petersburg"]
[Date "1999.11.09"]
[Round "8"]
[White "Stjazhkina, Olga"]
[Black "Polovodin, Igor A"]
[Result "1-0"]
[WhiteElo "2343"]
[BlackElo "2463"]
[PlyCount "69"]
[EventDate "1999.11.02"]
[EventType "swiss"]
[EventRounds "9"]
[EventCountry "RUS"]
[SourceTitle "CBM 074"]
[Source "ChessBase"]
[SourceDate "2000.02.01"]
[SourceVersion "1"]
[SourceVersionDate "2000.02.01"]
[SourceQuality "1"]

1. e4 c5 2. Nc3 Nc6 3. g3 g6 4. Bg2 Bg7 5. d3 d6 6. f4 e6 7. Nf3 Nge7 8. 0-0 0-0 9. Be3 Nd4 10. e5 Nef5 11. Bf2 Nxf3+ 12. Qxf3 Nd4 13. Qd1 dxe5 14. fxe5 Bxe5 15. Ne4 f5 16. Nxc5 Qc7 17. b4 f4 18. c3 Nf5 19. g4 f3 20. Bxf3 Bxh2+ 21. Kg2 Ng7 22. Rh1 Bf4 23. d4 Bd7 24. Nxd7 Qxd7 25. Qd3 e5 26. Qc4+ Ne6 27. dxe5 Bxe5 28. Bd5 Kg7 29. Bxe6 Rxf2+ 30. Kxf2 Qd2+ 31. Qe2 Rf8+ 32. Bf5 Qxc3 33. Rae1 Qg3+ 34. Kf1 Bd6 35. Qe4 1-0

[Event "Chigorin Memorial 07th"]
[Site "St Petersburg"]
[Date "1999.11.05"]
[Round "4"]
[White "Polovodin, Igor A"]
[Black "Najer, Evgeniy"]
[Result "0-1"]
[WhiteElo "2463"]
[BlackElo "2562"]
[PlyCount "56"]
[EventDate "1999.11.02"]
[EventType "swiss"]
[EventRounds "9"]
[EventCountry "RUS"]
[SourceTitle "CBM 074"]
[Source "ChessBase"]
[SourceDate "2000.02.01"]
[SourceVersion "1"]
[SourceVersionDate "2000.02.01"]
[SourceQuality "1"]

1. d4 d5 2. c4 dxc4 3. e4 Nc6 4. Be3 Nf6 5. f3 e5 6. d5 Nb4 7. Bxc4 c6 8. dxc6 Qxd1+ 9. Kxd1 Nxc6 10. Ne2 Be7 11. Nbc3 0-0 12. Kc2 Na5 13. Bd5 Nxd5 14. Nxd5 Bd6 15. Rhd1 Be6 16. Nec3 Rfc8 17. Rd3 Nc4 18. Bf2 b5 19. a3 a5 20. Nb6 Nxb6 21. Bxb6 Rc6 22. Be3 Rac8 23. Rad1 Bf8 24. Kb1 Bb3 25. Rc1 b4 26. axb4 axb4 27. Nd5 Rxc1+ 28. Bxc1 Bc2+ 0-1

[Event "Novgorod op"]
[Site "Novgorod"]
[Date "1999.03.21"]
[Round "3"]
[White "Polovodin, Igor A"]
[Black "Vaulin, Alexander"]
[Result "0-1"]
[WhiteElo "2468"]
[BlackElo "2547"]
[PlyCount "94"]
[EventDate "1999.03.19"]
[EventType "swiss"]
[EventRounds "10"]
[EventCountry "RUS"]
[SourceTitle "CBM 069 Extra"]
[Source "ChessBase"]
[SourceDate "1999.05.10"]
[SourceVersion "1"]
[SourceVersionDate "1999.05.10"]
[SourceQuality "1"]

1. d4 Nf6 2. Nf3 g6 3. c4 Bg7 4. Nc3 c5 5. e4 Qa5 6. Bd3 d6 7. 0-0 Bg4 8. d5 Nbd7 9. h3 Bxf3 10. Qxf3 Ne5 11. Qe2 Nxd3 12. Qxd3 Nd7 13. Bd2 0-0 14. f4 a6 15. a4 Rfe8 16. Ne2 Qc7 17. Bc3 Bf6 18. Bxf6 exf6 19. Nc3 Qa5 20. b3 Re7 21. f5 Ne5 22. Qg3 g5 23. h4 Kh8 24. hxg5 Rg8 25. Qh3 fxg5 26. f6 Ree8 27. Rf5 Rg6 28. Raf1 Qb4 29. Nd1 Qd2 30. Qc3 Qe2 31. Nf2 Qh5 32. Qg3 Qh4 33. Qxh4 gxh4 34. Nh3 Reg8 35. R1f2 Rg3 36. Kf1 Ng4 37. Ng5 Nh6 38. e5 dxe5 39. Ne4 Nxf5 40. Rxf5 Rxg2 41. Nd6 Rg1+ 42. Kf2 R8g2+ 43. Kf3 h3 44. Nxf7+ Kg8 45. Nh6+ Kf8 46. Rh5 Rf1+ 47. Ke4 h2 0-1

[Event "RUS-Cup03 Geller Memorial"]
[Site "Moscow"]
[Date "1999.02.13"]
[Round "4"]
[White "Polovodin, Igor A"]
[Black "Ulko, Jaroslav"]
[Result "1-0"]
[WhiteElo "2468"]
[BlackElo "2397"]
[PlyCount "91"]
[EventDate "1999.02.10"]
[EventType "swiss"]
[EventRounds "9"]
[EventCountry "RUS"]
[SourceTitle "CBM 070"]
[Source "ChessBase"]
[SourceDate "1999.06.08"]
[SourceVersion "1"]
[SourceVersionDate "1999.06.08"]
[SourceQuality "1"]

1. d4 Nf6 2. Nf3 g6 3. g3 Bg7 4. Bg2 0-0 5. 0-0 d6 6. b3 c5 7. Bb2 cxd4 8. Nxd4 Qa5 9. c4 Qh5 10. Nc3 Nc6 11. Nxc6 bxc6 12. Bxc6 Ng4 13. h4 Rb8 14. Qd2 Ne5 15. Bg2 Be6 16. Rab1 Bf5 17. Rbc1 Bh6 18. f4 Be6 19. Nd5 Bxd5 20. cxd5 Qg4 21. Qd4 Qxg3 22. Rc3 Qg4 23. Rcf3 Rb4 24. Qxb4 Nxf3+ 25. Rxf3 Rc8 26. Qd2 Qxh4 27. e3 Bg7 28. Bxg7 Kxg7 29. Rf1 h5 30. e4 Qg4 31. Qd3 Rc7 32. f5 g5 33. f6+ exf6 34. Qd4 Qg3 35. Qxf6+ Kh7 36. e5 Qxe5 37. Qxe5 dxe5 38. d6 Rd7 39. Rd1 Kg6 40. Bc6 Rd8 41. d7 Kf6 42. b4 Ke7 43. b5 f5 44. a4 h4 45. a5 h3 46. a6 1-0

[Event "RUS-Cup03 Geller Memorial"]
[Site "Moscow"]
[Date "1999.02.12"]
[Round "3"]
[White "Nemtzev, Igor"]
[Black "Polovodin, Igor A"]
[Result "0-1"]
[WhiteElo "2220"]
[BlackElo "2468"]
[PlyCount "92"]
[EventDate "1999.02.10"]
[EventType "swiss"]
[EventRounds "9"]
[EventCountry "RUS"]
[SourceTitle "CBM 070"]
[Source "ChessBase"]
[SourceDate "1999.06.08"]
[SourceVersion "1"]
[SourceVersionDate "1999.06.08"]
[SourceQuality "1"]

1. d4 d5 2. Nf3 Nf6 3. c4 e6 4. Nc3 Be7 5. cxd5 exd5 6. Bf4 0-0 7. e3 c5 8. Bd3 Nc6 9. 0-0 Bg4 10. dxc5 Bxc5 11. h3 Be6 12. Rc1 Be7 13. Nd4 Rc8 14. Nf5 Qd7 15. Nxe7+ Qxe7 16. Bg5 h6 17. Bh4 Rfd8 18. f4 d4 19. Ne4 dxe3 20. Nxf6+ gxf6 21. Qe2 Bxa2 22. Qg4+ Kf8 23. Bh7 Ke8 24. Rfe1 Be6 25. Qg7 Nd4 26. Rxc8 Rxc8 27. Bxf6 Qb4 28. Rxe3 Ne2+ 29. Rxe2 Rc1+ 30. Kh2 Qxf4+ 31. Qg3 Rh1+ 32. Kxh1 Qxg3 33. Be5 Qb3 34. Kh2 Qb5 35. Re3 a5 36. Bc3 a4 37. Re5 Qf1 38. Ra5 Qf4+ 39. Kg1 b5 40. Rxb5 a3 41. Be5 Qe3+ 42. Kh2 a2 43. b3 Qxe5+ 44. Rxe5 a1Q 45. Re3 Kf8 46. Be4 Qe5+ 0-1

[Event "RUS-Cup"]
[Site "Tula "]
[Date "1999.??.??"]
[Round "4"]
[White "Malaniuk, Vladimir P"]
[Black "Polovodin, Igor A"]
[Result "1/2-1/2"]
[WhiteElo "2552"]
[BlackElo "2468"]
[PlyCount "49"]
[EventDate "1999.??.??"]
[EventType "swiss"]
[EventRounds "9"]
[EventCountry "RUS"]
[SourceTitle "EXT 2000"]
[Source "ChessBase"]
[SourceDate "1999.11.16"]
[SourceVersion "1"]
[SourceVersionDate "1999.11.16"]
[SourceQuality "1"]

1. c4 Nf6 2. Nf3 e6 3. Nc3 d5 4. d4 Be7 5. e3 0-0 6. b3 b6 7. Bb2 Bb7 8. Bd3 c5 9. 0-0 Nbd7 10. cxd5 exd5 11. Rc1 Rc8 12. Bf5 a6 13. dxc5 bxc5 14. Na4 Rc7 15. Bc3 Qa8 16. Ba5 Rc6 17. Rc2 g6 18. Bh3 Bd8 19. Bc3 Be7 20. Qc1 Bc8 21. Rd1 Nb6 22. Bxc8 Nxa4 23. Bxf6 Rxf6 24. Bg4 Nb6 25. Ne1 1/2-1/2

[Event "RUS-Cup"]
[Site "Tula "]
[Date "1999.??.??"]
[Round "9"]
[White "Polovodin, Igor A"]
[Black "Guliev, Sarhan"]
[Result "1/2-1/2"]
[WhiteElo "2468"]
[BlackElo "2486"]
[PlyCount "21"]
[EventDate "1999.??.??"]
[EventType "swiss"]
[EventRounds "9"]
[EventCountry "RUS"]
[SourceTitle "EXT 2000"]
[Source "ChessBase"]
[SourceDate "1999.11.16"]
[SourceVersion "1"]
[SourceVersionDate "1999.11.16"]
[SourceQuality "1"]

1. d4 d5 2. c4 e6 3. Nf3 Nf6 4. Nc3 Be7 5. Bg5 0-0 6. e3 Nbd7 7. Be2 a6 8. cxd5 exd5 9. 0-0 c6 10. Qc2 Re8 11. Rab1 1/2-1/2